El poderio naval ruso

محفوظ في:
التفاصيل البيبلوغرافية
المؤلف الرئيسي: Fairhall, David (مؤلف)
التنسيق: كتاب
اللغة:الإسبانية
منشور في: Buenos Aires Pleamar 1971
الموضوعات:
الوسوم: إضافة وسم
لا توجد وسوم, كن أول من يضع وسما على هذه التسجيلة!

MARC

LEADER 00000nam a2200000 a 4500
001 UCS6235
003 CL-VaPUC
008 970917e19710000AG |||||||||||||||||spa|d
082 0 4 |a 359.8  |b FAI  |2 21 
100 0 |a Fairhall, David  |e author  |9 391814 
245 1 3 |a El poderio naval ruso 
300 |a 243 p 
942 |c BK 
945 |d 19970917 00:00:00  |a rleighto 
260 |a Buenos Aires  |b Pleamar  |c 1971 
650 0 |a Historia  |9 255047 
650 0 |a Rutas marítimas  |9 339718 
650 0 |a Marina mercante   |9 255383 
650 0 |a Oceanografía  |9 260014 
650 7 |a ESTRATEGIAS NAVALES  |2 CL-VaPUC  |9 391815 
651 0 |a Unión Soviética  |9 256769 
583 |a last modification  |c 19970917 00:00:00  |k Rodrigo Vera 
999 |c 262182  |d 262180 
952 |0 0  |1 0  |4 0  |6 359_800000000000000_FAI_1971  |7 0  |8 A  |9 290408  |a BIBHIS  |b BIBHIS  |d 2019-11-19  |i 3350568  |o 359.8 FAI 1971  |p 3350568  |r 2025-01-20  |w 2019-11-19  |y BK  |k HIS